Радиотехнические цепи и сигналы: учебник

Bibliografiske detaljer
Hovedforfatter: Каганов В. И. Вильям Ильич
Summary:Приведены основные сведения по передаче и приему сообщений с помощью радиосигналов и составу систем радиосвязи. Рассмотрены основы спектральной теории сигналов и их генерирование, преобразование, модуляция, детектирование, демодуляция и обработка. Изложены основы теории радиоэлектронных линейных, нелинейных и параметрических цепей сосредоточенного и распределенного типа: их назначение, классификация, параметры, характеристики и расчет, в том числе с помощью компьютера. Представлено большое число примеров по анализу радиоэлектронных цепей различного назначения. Для студентов образовательных учреждений среднего профессионального образования.
Sprog:russisk
Udgivet: Москва, Академия, 2003
Serier:Среднее профессиональное образование
Fag:
Format: MixedMaterials Bog
KOHA link:https://koha.lib.tpu.ru/cgi-bin/koha/opac-detail.pl?biblionumber=107560

MARC

LEADER 00000n m0a2200000 4500
001 107560
005 20231101214735.0
010 |a 576951115X 
035 |a (RuTPU)RU\TPU\book\116121 
090 |a 107560 
100 |a 20061226d2003 m y0rusy50 ca 
101 0 |a rus 
102 |a RU 
105 |a a j 001zy 
200 1 |a Радиотехнические цепи и сигналы  |e учебник  |f В. И. Каганов 
210 |a Москва  |c Академия  |d 2003 
215 |a 220 с.  |c ил. 
225 1 |a Среднее профессиональное образование 
320 |a Библиогр.: с. 217. 
330 |a Приведены основные сведения по передаче и приему сообщений с помощью радиосигналов и составу систем радиосвязи. Рассмотрены основы спектральной теории сигналов и их генерирование, преобразование, модуляция, детектирование, демодуляция и обработка. Изложены основы теории радиоэлектронных линейных, нелинейных и параметрических цепей сосредоточенного и распределенного типа: их назначение, классификация, параметры, характеристики и расчет, в том числе с помощью компьютера. Представлено большое число примеров по анализу радиоэлектронных цепей различного назначения. Для студентов образовательных учреждений среднего профессионального образования. 
606 1 |a Радиосигналы  |2 stltpush  |3 (RuTPU)RU\TPU\subj\72439  |9 85955 
610 1 |a радиотехнические сигналы 
610 1 |a радиотехнические цепи 
610 1 |a передача 
610 1 |a прием 
610 1 |a спектральная теория 
610 1 |a линейные цепи 
610 1 |a колебательные контуры 
610 1 |a фильтры 
610 1 |a нелинейные цепи 
610 1 |a гармонические колебания 
610 1 |a генерирование 
610 1 |a цепи с переменными параметрами 
610 1 |a модуляция 
610 1 |a демодуляция 
610 1 |a учебники 
675 |a 621.372(075.32)  |v 3 
700 1 |a Каганов  |b В. И.  |g Вильям Ильич 
801 1 |a RU  |b 63413507  |c 20061226  |g PSBO 
801 2 |a RU  |b 63413507  |c 20130405  |g PSBO 
942 |c BK